1771 1941 1768 1236 1399 1600 1837 1521 1727 1271 1851 1667 1957 1657 1978 1406 1792 1918 1926 1393 1136 1031 1447 1911 1554 1993 1630 1302 1004 1227 1231 1730 1980 1582 1803 1230 1969 1912 1815 1588 1003 1773 1239 1220 1033 1224 1080 1287 1603 1966 1846 1344 1457 1229 1077 1640 1398 1714 1487 1881 1381 1785 1060 1521 1942 1067 1682 1601 1667 1411 1648 1824 1463 1684 1471 1471 1669 1313 1327 1392 1320 1056 1871 1141 1488 1280 1604 1182 1642 1017 1430 1966 1744 1828 1112 1340 1679 1435 1053 BCNSPRNW ULIB Ver.6.0+V

เปลี่ยนเป็นภาษาไทย

Change to English
 แสดงรายละเอียดบรรณานุกรม
  กลับหน้าหลัก

Brief Record : Get Marc (ISO 2709) : E-mail record : QR code < ปิดหน้าต่าง
LEADER : 00000nam 2200000uu 4500
001    13399120678
003     ULIB
008    121004s2551||||th 000 0 tha d
020    ^a9789747152777
050 04 ^aBF721^bจ628ก
100 0  ^aจุฑามาศ ไรท์
245 00 ^aกระเตงลูกอ่อนตะลอนโลกกว้าง/^cจุฑามาศ ไรท์
260    ^aกรุงเทพฯ:^bรักลูกบุ๊คส์,^c2551
300    ^a193 หน้า:^bภาพประกอบสีบางภาพ
650  7 ^aท่องเที่ยว
650  7 ^aเด็ก
945    ^p179^l0^i17659
995    ^aวิภา
999 ^a ใช้งานได้ทุกระบบ
รายการนี้ยังไม่มีแท็ก
คุณยังไม่ได้ล็อกอิน คุณสามารถมีกิจกรรมร่วมกับเว็บไซต์ได้ แต่ต้องล็อกอินก่อน ::
  ล็อกอิน

รายการสื่อสารสนเทศ

ลำดับที่ ประเภท เลขเรียก/บาร์โค้ด สถานที่ สถานะ
1. วิทยาศาสตร์การแพทย์ และสุขภาพ
วิทยาศาสตร์การแพทย์ และสุขภาพ
BF721 จ628ก  
  Barcode: 17659
ห้องสมุดวิทยาเขตสวรรค์ประชารักษ์
►หนังสือทั่วไป
บนชั้น

รายการใกล้เคียง
    ผู้แต่ง [จุฑามาศ ไรท์]

    หัวเรื่อง [ท่องเที่ยว]
    หัวเรื่อง [เด็ก]

BibComment


ยังไม่เคยถูกคอมเมนท์

คอมเมนท์ทรัพยากรรายการนี้
  คอมเมนท์: กระเตงลูกอ่อนตะล..


 Copyright 2026. Bcnsprnw @Library